000 00283nam a22001217a 4500
008 181022b xxu||||| |||| 00| 0 eng d
041 _aeng
080 _a941
100 _a17
101 _aHIS
245 _aA Literary History of Rome in the Silver Age
_cDuff, J.W
942 _2udc
_cBK
999 _c50548
_d50548